00469nam a2200133Ia 4500008004100000100002000041245003400061260002400095300000900119650001500128942001200143999001500155952016500170191201s2012 xx 000 0 und d aMAITRA, Gitin M 0aHandbook of Mechanical Design aN. DelhibTMHc2012 aMISC aB.Tech(ME) 2ddccBK c6191d6191 00102ddc40708BTECHMEaPIETbPIETd2015-01-31eKIRTI PRAKASHAN, NEW DELHIg850.00kIN2127l0o621.815 MAHp25193r2019-12-04 00:00:00v569.50w2015-01-22yBK